[Event "Spring Tour GM Mix A 2022"]
[Site "Cattolica"]
[Date "2022.03.13"]
[Round "7.2"]
[White "Nesterov, Arseniy"]
[Black "Deuer, Marius"]
[Result "1-0"]
[WhiteElo "2522"]
[BlackElo "2304"]
[Annotator "TA"]
[PlyCount "69"]
[EventDate "2022.03.10"]
[EventType "swiss"]
[EventCountry "ITA"]
[SourceTitle "playchess.com"]
[Source "ChessBase"]
[SourceQuality "1"]

{[%evp 10,69,24,27,32,16,18,19,14,14,25,35,25,13,26,18,26,14,16,13,6,0,25,27,45,69,53,58,50,57,55,59,93,85,106,100,143,145,179,208,187,156,286,283,463,456,604,589,588,585,1065,1057,1271,1271,1231,1053,1281,1115,1442,1402,1347,1308]} 1. c4 c6 2. d4 d5 3. Nc3 Nf6 4. e3 Bf5 5. cxd5 cxd5 6. Qb3 Nc6 {is recently more successful than 6...Bc8. D10: Slav Defence: 3 cxd5 (without early Nf3) and 3 Nc3.} 7. Qxb7 Bd7 $1 {White must now prevent ...Rb8.} 8. Qb3 Rb8 {The position is equal.} 9. Qd1 e5 10. dxe5 Nxe5 11. Nge2 Bc5 12. Nd4 O-O 13. Be2 {[%cal Bf1e2,Be2f3,Bf3g2][%mdl 32]} Ne4 14. O-O Rb6 $1 {[#] Strongly threatening ...Qh4.} 15. Nf3 $146 {Prevents Qh4.} (15. Nxd5 Rh6 16. Nf4 Re8 $16) ({Predecessor:} 15. f4 Nxc3 16. bxc3 Nc4 17. Bd3 Qe7 18. Qe2 Re8 19. Re1 Nd6 20. Nb3 Ne4 21. Bxe4 dxe4 {½-½ (58) Korovnik,I (2292)-Cumming,D (2291) ICCF email 2014}) 15... Nxf3+ 16. Bxf3 Rh6 {...Qh4 is the strong threat.} 17. g3 {Inhibits Qh4.} ({Much weaker is} 17. Nxe4 dxe4 18. Bg4 {[#]} Qh4 $1 $15) 17... Nxc3 18. bxc3 Bb5 19. Re1 Qc8 {Hoping for ...Qh3.} 20. Bg2 {To avoid Qh3} Rd8 {White now steadily converts the win.} 21. a4 {[%cal Ba2a4,Ba4a5][%mdl 32]} Ba6 22. Ba3 Bb6 (22... Rb6 $142) 23. Bb4 $16 Qf5 24. a5 Bc7 25. Qd4 {And now e4 would win.} Qh5 (25... Be5 $16 26. Qxa7 Qc8) 26. h4 {Active counter play!} Rg6 $2 (26... Be5 {is a better defense.} 27. Qxa7 g5) 27. Qxa7 $18 {White is clearly winning.} Bxg3 28. fxg3 Rxg3 29. Ra2 ({Not} 29. Qxa6 Rxg2+ 30. Kxg2 Qg4+ 31. Kh2 Qxh4+ 32. Kg1 Qg4+ 33. Kf2 Qf5+ 34. Kg3 (34. Kg1 Qg4+ 35. Kh2 Qh4+ 36. Kg1 Qg4+ $11) 34... Qg5+ 35. Kf3 Qf5+ 36. Ke2 Qc2+ 37. Kf3 (37. Kf1 Qf5+ 38. Kg2 Qg4+ 39. Kh2 Qh4+ 40. Kg2 Qg4+ 41. Kh1 Qh4+ 42. Kg2 Qg4+ $11) 37... Qf5+ 38. Kg3 Qg5+ 39. Kh3 Qh5+ 40. Kg3 Qg5+ $11) 29... Bc4 {[#]} 30. Qc7 $1 {[%cal Rc7d8][%mdl 512]} Qxh4 {[#]} (30... Ra8 31. Rf2) 31. Rf1 $1 h5 {[#]} (31... h6 32. Rf4) 32. Be7 $1 {[%mdl 512]} Qe4 (32... Qh3 33. Qxd8+) 33. Bxd8 Qxe3+ 34. Kh2 Rg6 {[#]} 35. Rf3 $1 {Weighted Error Value: White=0.03 (flawless) /Black=0.28 (precise)} 1-0

[Event "Spring Tour GM Mix A 2022"]
[Site "Cattolica"]
[Date "2022.03.13"]
[Round "7.3"]
[White "Kamalidenova, Meruert"]
[Black "Moksh Amit Doshi"]
[Result "1/2-1/2"]
[WhiteElo "2362"]
[BlackElo "2396"]
[Annotator "TA"]
[PlyCount "40"]
[EventDate "2022.03.10"]
[EventType "swiss"]
[EventCountry "ITA"]
[SourceTitle "playchess.com"]
[Source "ChessBase"]
[SourceQuality "1"]

{[%evp 19,40,14,9,6,20,0,0,-12,0,-49,-45,-47,14,0,22,53,15,-8,53,55,58,20,22]} 1. e4 e5 2. Nf3 Nc6 3. Bb5 {[%cal Bf1b5,Bb5a4,Ba4b3][%mdl 32]} a6 4. Ba4 Nf6 5. O-O Be7 6. Re1 b5 7. Bb3 O-O 8. a4 b4 9. d4 d6 10. dxe5 Nxe5 {is now debated instead of 10...dxe5.} 11. Nbd2 {C88: Closed Ruy Lopez: Anti-Marshall Systems.} Nfd7 12. h3 Bb7 {[#]} 13. Nf1 $146 ({Predecessor:} 13. Nxe5 Nxe5 14. Nf1 Kh8 15. Ng3 Bg5 16. Qh5 Bxc1 17. Raxc1 Qf6 18. Rcd1 a5 19. Qf5 Qxf5 20. Nxf5 {1-0 (38) Sjugirov,S (2675)-Lobanov,S (2516) Chess.com INT 2020}) 13... Bf6 14. Ng3 (14. Nxe5 $11 {feels stronger.} Bxe5 15. Bd5 Bxd5 16. Qxd5) 14... Re8 15. Be3 Ng6 ({Black should play} 15... a5 $15) 16. Bd4 c5 17. Bxf6 Nxf6 18. Qd3 Ne5 (18... Qc7 $11) 19. Nxe5 $14 dxe5 20. Qf3 Qc7 {Weighted Error Value: White=0.17 (very precise) /Black=0.29 (precise)} 1/2-1/2

[Event "Spring Tour GM Mix A 2022"]
[Site "Cattolica"]
[Date "2022.03.13"]
[Round "7.5"]
[White "Gumularz, Szymon"]
[Black "Reuker, Jari"]
[Result "1-0"]
[WhiteElo "2539"]
[BlackElo "2425"]
[Annotator "TA"]
[PlyCount "81"]
[EventDate "2022.03.10"]
[EventType "swiss"]
[EventCountry "ITA"]
[SourceTitle "playchess.com"]
[Source "ChessBase"]
[SourceQuality "1"]

{[%evp 11,81,31,51,42,35,16,49,47,63,45,52,60,90,63,105,110,124,117,123,94,76,97,90,70,145,130,302,297,297,300,339,278,266,263,265,254,236,200,309,295,296,292,388,379,387,405,448,458,432,371,378,445,464,466,429,391,482,472,613,613,841,800,991,936,1014,982,985,941,1722,1590,1356,1250]} 1. d4 Nf6 2. c4 g6 3. Nc3 Bg7 4. e4 d6 5. h3 O-O 6. Be3 Nbd7 7. g4 {[%cal Bg2g4,Bg4g5][%mdl 32] E71: King's Indian: 4 e4 d6 5 h3.} c5 8. Nge2 {[%cal Bg1e2,Be2d4,Bd4e6][%mdl 32]} cxd4 9. Nxd4 {[#] White is slightly better.} a6 $146 ({Predecessor:} 9... Nc5 10. Bg2 a5 11. O-O a4 12. Qc2 Nfd7 13. Rad1 Nb6 14. b3 axb3 15. axb3 Bd7 {1-0 (34) Livaic,L (2505)-Giroyan,G (2403) Chess.com INT 2021}) 10. Rc1 {White is more active.} Nc5 11. Bg2 h5 {[%cal Rh5g4]} 12. g5 Nfd7 (12... Nh7 $14) 13. b4 $16 Ne6 14. Nxe6 $1 fxe6 15. O-O Ne5 16. Na4 b5 {[#]} 17. Nb6 $36 {[%mdl 2048] Hoping for cxb5. White has the initiative.} Rb8 {[#]} (17... Bb7 $1 $14) 18. c5 $1 Rxb6 $2 {A mistake that costs the game.} (18... Kh7 $16 19. f4 Nc4 20. Nxc4 bxc4) 19. cxb6 $18 {Strongly threatening Rc7.} Nc4 20. Qd3 Nxb6 21. e5 Nc4 22. Qxg6 Qe8 23. Qxe8 Rxe8 24. Bc6 Rf8 (24... Rd8 {keeps fighting.} 25. exd6 exd6) 25. exd6 exd6 26. a4 Bb2 27. Rc2 Be5 28. Bc1 ({Don't play} 28. axb5 Na3 $18) 28... Nb6 29. axb5 axb5 30. Bxb5 Bb7 31. Bc6 {Inhibits Be4.} Bxc6 32. Rxc6 Nd5 33. Rc4 Rf3 34. Kg2 {White is clearly winning.} Rb3 35. f4 Bc3 36. Rf3 Kf7 37. Rd3 Kg6 38. Kf3 Kf5 {[#]} 39. Bd2 $1 {[%mdl 512]} Bxb4 (39... Rxb4 40. Rdxc3) 40. Rxb3 Bxd2 41. Rb5 {Weighted Error Value: White=0.10 (very precise) /Black=0.38} 1-0

[Event "Spring Tour GM Mix A 2022"]
[Site "Cattolica"]
[Date "2022.03.14"]
[Round "8.1"]
[White "Pranav Anand"]
[Black "Nesterov, Arseniy"]
[Result "1/2-1/2"]
[WhiteElo "2436"]
[BlackElo "2522"]
[Annotator "TA"]
[PlyCount "72"]
[EventDate "2022.03.10"]
[EventType "swiss"]
[EventCountry "ITA"]
[SourceTitle "playchess.com"]
[Source "ChessBase"]
[SourceQuality "1"]

{[%evp 11,72,12,20,2,4,13,0,0,-9,0,0,-13,0,-47,-54,-41,-29,-49,-16,-25,-16,-31,-6,-24,-19,-8,0,-17,-25,-20,-22,-22,-25,-25,-25,-25,-22,-21,-21,-21,-21,-25,-8,-20,-20,-16,0,0,0,0,0,0,0,0,0,0,0,0,0,0,0,-2,0]} 1. e4 e5 2. Nf3 Nf6 3. Nxe5 d6 4. Nf3 Nxe4 5. Nc3 Nxc3 6. dxc3 Be7 7. Bc4 {C42: Petroff Defence: 3 Nxe5 and unusual White 3rd moves.} O-O 8. Be3 c6 9. Qd2 Nd7 10. Bd3 d5 11. O-O-O Nc5 {[#]} 12. Bxc5 $146 (12. Kb1 $11) ({Predecessor:} 12. Kb1 Nxd3 13. Qxd3 Bg4 14. h3 Bh5 15. g4 Bg6 16. Qe2 Re8 17. Ne5 Be4 18. f3 {0-1 (57) Diaz Rosas,J (2367)-Politov,P (2190) Chess.com INT 2021}) 12... Bxc5 $15 13. Rde1 Qf6 14. Kb1 Bf5 (14... a5 {feels hotter.} 15. a4 h6 16. Nd4 Rb8 17. Re3 Bd7) 15. Ne5 Rfe8 16. Bxf5 Qxf5 17. Nd3 Bb6 18. f3 h6 19. Re2 Rxe2 20. Qxe2 Qe6 21. Qxe6 (21. Re1 {is more complex.} Re8 22. Qd1 Qc8 23. Qd2 Bc7 24. g3) 21... fxe6 $11 {[%mdl 4096] Endgame KRB-KRN} 22. Re1 Re8 23. a4 Kf7 24. c4 Bc7 25. cxd5 cxd5 26. g3 e5 27. c3 {The position is equal.} Bd6 28. Kc2 Kf6 29. Nf4 Rf8 30. Nxd5+ Ke6 31. Nf4+ Kd7 32. Nd3 {And now Re3 would win.} Rxf3 33. Nxe5+ Bxe5 34. Rxe5 Rf2+ 35. Kd3 Rxb2 36. h4 Kd6 {Weighted Error Value: White=0.05 (flawless) /Black=0.04 (flawless)} 1/2-1/2

[Event "Spring Tour GM Mix A 2022"]
[Site "Cattolica"]
[Date "2022.03.14"]
[Round "8.2"]
[White "Song, Julien"]
[Black "Czerw, Dawid"]
[Result "1/2-1/2"]
[WhiteElo "2352"]
[BlackElo "2398"]
[Annotator "ChessBase"]
[PlyCount "55"]
[EventDate "2022.03.10"]
[EventType "swiss"]
[EventCountry "ITA"]
[SourceTitle "playchess.com"]
[Source "ChessBase"]
[SourceQuality "1"]
[TimeControl "5400+30"]

1. d4 {[%emt 0:00:02]} Nf6 {[%emt 0:04:51]} 2. c4 {[%emt 0:00:24]} e6 {[%emt 0:00:05]} 3. Nf3 {[%emt 0:00:39]} d5 {[%emt 0:00:05]} 4. g3 {[%emt 0:00:57]} Bb4+ {[%emt 0:00:12]} 5. Bd2 {[%emt 0:00:53]} Bd6 {[%emt 0:00:08]} 6. Bg2 {[%emt 0:02:14]} O-O {[%emt 0:01:01]} 7. b3 {[%emt 0:08:49]} dxc4 {[%emt 0:03:34]} 8. bxc4 {[%emt 0:01:11]} c5 {[%emt 0:00:06]} 9. e3 {[%emt 0:01:58]} Ne4 {[%emt 0:09:33]} 10. O-O {[%emt 0:02:29]} Nxd2 {[%emt 0:00:05]} 11. Nbxd2 {[%emt 0:00:44]} Nd7 {[%emt 0:02:12]} 12. Ne4 {[%emt 0:04:09]} Qc7 {[%emt 0:03:04]} 13. Nxd6 {[%emt 0:20:58]} Qxd6 {[%emt 0:00:06]} 14. Qb3 {[%emt 0:01:41]} cxd4 {[%emt 0:13:30]} 15. exd4 {[%emt 0:00:37]} Rb8 {[%emt 0:03:10]} 16. c5 {[%emt 0:08:33]} Qc7 {[%emt 0:00:38]} 17. Rac1 {[%emt 0:02:54]} e5 {[%emt 0:08:49]} 18. Qa3 {[%emt 0:06:05]} a6 {[%emt 0:09:53]} 19. d5 {[%emt 0:02:47]} h6 {[%emt 0:00:13]} 20. Rfe1 {[%emt 0:06:16]} Re8 {[%emt 0:00:31]} 21. Nd4 {[%emt 0:02:05]} Qd8 {[%emt 0:02:48]} 22. Nf5 {[%emt 0:06:59]} Nxc5 {[%emt 0:01:57]} 23. Nxh6+ {[%emt 0:00:08]} gxh6 {[%emt 0:00:05]} 24. Qxc5 {[%emt 0:03:17]} Bf5 {[%emt 0:05:20]} 25. d6 {[%emt 0:00:04]} Qf6 {[%emt 0:00:21]} 26. Rcd1 {[%emt 0:08:55]} b6 {[%emt 0:03:32]} 27. Qa3 {[%emt 0:00:47]} Rbd8 {[%emt 0:05:38]} 28. Qxa6 {[%emt 0:02:57]} 1/2-1/2

[Event "Spring Tour GM Mix A 2022"]
[Site "Cattolica"]
[Date "2022.03.14"]
[Round "8.3"]
[White "Moksh Amit Doshi"]
[Black "Jobava, Baadur"]
[Result "*"]
[WhiteElo "2396"]
[BlackElo "2588"]
[Annotator "TA"]
[PlyCount "41"]
[EventDate "2022.03.10"]
[EventType "swiss"]
[EventCountry "ITA"]
[SourceTitle "playchess.com"]
[Source "ChessBase"]
[SourceQuality "1"]

{[%evp 4,4,26]} 1. d4 d5 2. c4 c6 {A rather calm draw.} {Predecessor:} 3. Nc3 Nf6 4. e3 e6 5. Nf3 Nbd7 6. Bd3 {D47: Semi-Slav: Meran System.} dxc4 7. Bxc4 b5 8. Bd3 Bb7 9. e4 b4 10. Na4 c5 11. e5 Nd5 12. O-O cxd4 13. Nxd4 g6 14. f4 Bg7 15. a3 O-O 16. axb4 Nxb4 17. Be2 Qe7 18. Bf3 Nb6 19. Bd2 Nxa4 20. Rxa4 a5 21. Kh1 {1-0 (79) Mamedyarov,S (2767)-Giri,A (2772) chess24.com INT 2022} *

[Event "Spring Tour GM Mix A 2022"]
[Site "Cattolica"]
[Date "2022.03.14"]
[Round "8.4"]
[White "Kamalidenova, Meruert"]
[Black "Vaishali R"]
[Result "1/2-1/2"]
[WhiteElo "2362"]
[BlackElo "2403"]
[Annotator "ChessBase"]
[PlyCount "189"]
[EventDate "2022.03.10"]
[EventType "swiss"]
[EventCountry "ITA"]
[SourceTitle "playchess.com"]
[Source "ChessBase"]
[SourceQuality "1"]
[TimeControl "5400+30"]

1. e4 {[%emt 0:00:05]} c5 {[%emt 0:04:17]} 2. Nf3 {[%emt 0:00:08]} Nc6 {[%emt 0:00:19]} 3. d4 {[%emt 0:00:31]} cxd4 {[%emt 0:00:06]} 4. Nxd4 {[%emt 0:00:08]} Nf6 {[%emt 0:00:03]} 5. Nc3 {[%emt 0:00:09]} e5 {[%emt 0:00:07]} 6. Ndb5 {[%emt 0:00:14]} d6 {[%emt 0:00:05]} 7. Bg5 {[%emt 0:00:42]} a6 {[%emt 0:00:09]} 8. Na3 {[%emt 0:00:12]} b5 {[%emt 0:00:06]} 9. Nd5 {[%emt 0:00:16]} Be7 {[%emt 0:00:06]} 10. Bxf6 {[%emt 0:00:08]} Bxf6 {[%emt 0:00:05]} 11. c3 {[%emt 0:00:08]} Rb8 {[%emt 0:00:37]} 12. Nc2 {[%emt 0:00:20]} Bg5 {[%emt 0:00:06]} 13. a4 {[%emt 0:00:46]} bxa4 {[%emt 0:00:08]} 14. Ncb4 {[%emt 0:01:11]} Nxb4 {[%emt 0:00:27]} 15. cxb4 {[%emt 0:01:26]} O-O {[%emt 0:00:29]} 16. Rxa4 {[%emt 0:02:08]} a5 {[%emt 0:00:34]} 17. b5 {[%emt 0:00:15]} f5 {[%emt 0:00:54]} 18. exf5 {[%emt 0:02:32]} Bxf5 {[%emt 0:00:12]} 19. Bc4 {[%emt 0:01:37]} Kh8 {[%emt 0:03:46]} 20. O-O {[%emt 0:01:41]} Be6 {[%emt 0:17:59]} 21. Kh1 {[%emt 0:11:36]} Qc8 {[%emt 0:09:04]} 22. b3 {[%emt 0:05:28]} Qc5 {[%emt 0:20:31]} 23. Rxa5 {[%emt 0:05:53]} Rxf2 {[%emt 0:00:26]} 24. Rxf2 {[%emt 0:01:05]} Qxf2 {[%emt 0:00:03]} 25. Qa1 {[%emt 0:02:34]} Bd8 {[%emt 0:20:51]} 26. Ra2 {[%emt 0:06:48]} Qh4 {[%emt 0:01:26]} 27. Qf1 {[%emt 0:03:21]} h5 {[%emt 0:06:24]} 28. Ra4 {[%emt 0:12:30]} Bxd5 {[%emt 0:05:35]} 29. Bxd5 {[%emt 0:02:59]} Qf6 {[%emt 0:00:11]} 30. Qd1 {[%emt 0:01:29]} g6 {[%emt 0:01:20]} 31. Ra7 {[%emt 0:01:56]} e4 {[%emt 0:03:44]} 32. Bxe4 {[%emt 0:03:02]} Rxb5 {[%emt 0:03:46]} 33. Qc1 {[%emt 0:04:05]} Qg5 {[%emt 0:00:49]} 34. Qf1 {[%emt 0:01:11]} Bf6 {[%emt 0:00:45]} 35. Bc2 {[%emt 0:06:13]} Rc5 {[%emt 0:00:28]} 36. Ra2 {[%emt 0:00:49]} Kg7 {[%emt 0:00:37]} 37. h3 {[%emt 0:02:53]} Rc7 {[%emt 0:00:49]} 38. b4 {[%emt 0:03:14]} Be5 {[%emt 0:00:18]} 39. Ra3 {[%emt 0:06:51]} Qd2 {[%emt 0:01:28]} 40. Bd1 {[%emt 0:00:23]} Qxb4 {[%emt 0:00:33]} 41. Rb3 {[%emt 0:00:32]} Qd2 {[%emt 0:00:11]} 42. Rd3 {[%emt 0:00:39]} Qg5 {[%emt 0:00:41]} 43. Rf3 {[%emt 0:01:30]} Rc1 {[%emt 0:00:31]} 44. Rb3 {[%emt 0:02:10]} Rc7 {[%emt 0:00:51]} 45. Rf3 {[%emt 0:00:07]} Rc1 {[%emt 0:00:09]} 46. Rb3 {[%emt 0:00:05]} Qe7 {[%emt 0:00:46]} 47. Qe2 {[%emt 0:02:45]} Qf7 {[%emt 0:00:29]} 48. Rf3 {[%emt 0:00:29]} Qd5 {[%emt 0:00:19]} 49. Rf1 {[%emt 0:00:16]} Rc3 {[%emt 0:00:26]} 50. Rf3 {[%emt 0:00:31]} Rc7 {[%emt 0:00:45]} 51. Rf1 {[%emt 0:00:19]} Rc3 {[%emt 0:00:33]} 52. Rf3 {[%emt 0:00:06]} Rc7 {[%emt 0:00:02]} 53. Rf1 {[%emt 0:00:02]} Rc1 {[%emt 0:00:55]} 54. Kg1 {[%emt 0:02:19]} Qd4+ {[%emt 0:00:31]} 55. Kh1 {[%emt 0:00:20]} Qd5 {[%emt 0:00:03]} 56. Kg1 {[%emt 0:00:13]} Ra1 {[%emt 0:00:24]} 57. Qc2 {[%emt 0:04:42]} Ra7 {[%emt 0:01:05]} 58. Kh1 {[%emt 0:00:40]} Ra2 {[%emt 0:00:31]} 59. Qc7+ {[%emt 0:00:21]} Kh6 {[%emt 0:00:02]} 60. Bf3 {[%emt 0:00:31]} Qd3 {[%emt 0:00:42]} 61. Qc1+ {[%emt 0:00:16]} Qd2 {[%emt 0:00:35]} 62. Qxd2+ {[%emt 0:00:19]} Rxd2 {[%emt 0:00:02]} 63. Rd1 {[%emt 0:00:07]} Rb2 {[%emt 0:00:37]} 64. Kg1 {[%emt 0:00:10]} Kg5 {[%emt 0:00:08]} 65. Kf1 {[%emt 0:00:40]} Kf4 {[%emt 0:00:16]} 66. Rd3 {[%emt 0:00:11]} Ra2 {[%emt 0:01:11]} 67. Ke1 {[%emt 0:00:36]} Rb2 {[%emt 0:00:37]} 68. Kf1 {[%emt 0:00:08]} Rb4 {[%emt 0:00:09]} 69. Ke2 {[%emt 0:00:15]} Bd4 {[%emt 0:00:23]} 70. Kd1 {[%emt 0:00:37]} Ke5 {[%emt 0:00:27]} 71. Ra3 {[%emt 0:00:07]} Rb2 {[%emt 0:00:18]} 72. Ra8 {[%emt 0:01:27]} Kf4 {[%emt 0:00:25]} 73. Ra3 {[%emt 0:00:19]} Be3 {[%emt 0:01:17]} 74. Rd3 {[%emt 0:00:20]} Bc5 {[%emt 0:00:07]} 75. Rd2 {[%emt 0:00:55]} Rb3 {[%emt 0:00:15]} 76. Bd5 {[%emt 0:00:30]} Ra3 {[%emt 0:00:34]} 77. Ra2 {[%emt 0:00:57]} Rd3+ {[%emt 0:00:41]} 78. Rd2 {[%emt 0:00:04]} Ra3 {[%emt 0:00:02]} 79. Ra2 {[%emt 0:00:08]} Rg3 {[%emt 0:00:10]} 80. Rb2 {[%emt 0:01:38]} Rg5 {[%emt 0:01:07]} 81. Rd2 {[%emt 0:00:31]} Rf5 {[%emt 0:01:00]} 82. Bf3 {[%emt 0:00:22]} Kg3 {[%emt 0:00:40]} 83. Rd5 {[%emt 0:00:52]} Rf6 {[%emt 0:00:36]} 84. Be4 {[%emt 0:00:21]} Re6 {[%emt 0:00:25]} 85. Bf3 {[%emt 0:00:20]} Be3 {[%emt 0:00:27]} 86. Rd3 {[%emt 0:00:52]} Kf2 {[%emt 0:00:18]} 87. Kc2 {[%emt 0:00:24]} Rf6 {[%emt 0:00:48]} 88. Be4 {[%emt 0:01:03]} g5 {[%emt 0:00:07]} 89. Rd5 {[%emt 0:00:09]} g4 {[%emt 0:01:04]} 90. hxg4 {[%emt 0:00:11]} hxg4 {[%emt 0:00:03]} 91. Rf5+ {[%emt 0:00:23]} Rxf5 {[%emt 0:00:04]} 92. Bxf5 {[%emt 0:00:04]} g3 {[%emt 0:00:03]} 93. Be4 {[%emt 0:00:07]} Ke2 {[%emt 0:00:04]} 94. Bf3+ {[%emt 0:00:05]} Kf2 {[%emt 0:00:02]} 95. Kd3 {[%emt 0:00:05]} 1/2-1/2

[Event "Spring Tour GM Mix A 2022"]
[Site "Cattolica"]
[Date "2022.03.14"]
[Round "8.5"]
[White "Deuer, Marius"]
[Black "Damia, Angelo"]
[Result "1/2-1/2"]
[WhiteElo "2304"]
[BlackElo "2223"]
[Annotator "ChessBase"]
[PlyCount "129"]
[EventDate "2022.03.10"]
[EventType "swiss"]
[EventCountry "ITA"]
[SourceTitle "playchess.com"]
[Source "ChessBase"]
[SourceQuality "1"]
[TimeControl "5400+30"]

1. d4 {[%emt 0:00:28]} Nf6 {[%emt 0:00:05]} 2. c4 {[%emt 0:00:04]} e6 {[%emt 0:00:03]} 3. Nc3 {[%emt 0:00:04]} c5 {[%emt 0:00:05]} 4. d5 {[%emt 0:00:11]} Bd6 {[%emt 0:00:48]} 5. g3 {[%emt 0:09:34]} Be5 {[%emt 0:03:56]} 6. Bd2 {[%emt 0:00:52]} Bxc3 {[%emt 0:00:47]} 7. Bxc3 {[%emt 0:00:44]} exd5 {[%emt 0:01:11]} 8. cxd5 {[%emt 0:00:11]} d6 {[%emt 0:00:21]} 9. Bg2 {[%emt 0:03:29]} O-O {[%emt 0:00:45]} 10. Nf3 {[%emt 0:01:05]} Ne4 {[%emt 0:03:43]} 11. O-O {[%emt 0:01:14]} Bg4 {[%emt 0:05:33]} 12. Nd2 {[%emt 0:04:23]} Nxc3 {[%emt 0:00:14]} 13. bxc3 {[%emt 0:00:01]} Nd7 {[%emt 0:05:32]} 14. h3 {[%emt 0:09:45]} Bf5 {[%emt 0:00:06]} 15. e4 {[%emt 0:02:42]} Bg6 {[%emt 0:00:04]} 16. g4 {[%emt 0:05:41]} b5 {[%emt 0:01:49]} 17. f4 {[%emt 0:05:14]} f6 {[%emt 0:00:10]} 18. h4 {[%emt 0:06:16]} c4 {[%emt 0:04:58]} 19. h5 {[%emt 0:10:04]} Qb6+ {[%emt 0:00:47]} 20. Kh2 {[%emt 0:01:35]} Bf7 {[%emt 0:00:14]} 21. Nf3 {[%emt 0:05:12]} Rae8 {[%emt 0:08:37]} 22. Nd4 {[%emt 0:02:16]} Nc5 {[%emt 0:01:02]} 23. Qc2 {[%emt 0:00:08]} b4 {[%emt 0:03:59]} 24. cxb4 {[%emt 0:03:22]} Nxe4 {[%emt 0:03:14]} 25. Ne6 {[%emt 0:00:09]} Bxe6 {[%emt 0:00:10]} 26. dxe6 {[%emt 0:00:07]} f5 {[%emt 0:00:33]} 27. Bxe4 {[%emt 0:05:10]} fxe4 {[%emt 0:00:14]} 28. Qxc4 {[%emt 0:01:16]} d5 {[%emt 0:00:37]} 29. Qxd5 {[%emt 0:00:07]} Qxe6 {[%emt 0:00:10]} 30. Qxe6+ {[%emt 0:00:17]} Rxe6 {[%emt 0:00:07]} 31. Rae1 {[%emt 0:02:42]} Rd8 {[%emt 0:09:54]} 32. Re2 {[%emt 0:05:03]} Rd4 {[%emt 0:01:42]} 33. a3 {[%emt 0:02:12]} Rd3 {[%emt 0:00:25]} 34. Rfe1 {[%emt 0:00:40]} e3 {[%emt 0:01:23]} 35. Ra1 {[%emt 0:00:57]} Ra6 {[%emt 0:01:24]} 36. Kg3 {[%emt 0:06:17]} Raxa3 {[%emt 0:01:13]} 37. Rxa3 {[%emt 0:01:22]} Rxa3 {[%emt 0:00:05]} 38. Kf3 {[%emt 0:00:34]} a5 {[%emt 0:00:23]} 39. bxa5 {[%emt 0:00:53]} Rxa5 {[%emt 0:00:05]} 40. Rxe3 {[%emt 0:05:48]} Kf7 {[%emt 0:01:16]} 41. g5 {[%emt 0:00:17]} h6 {[%emt 0:03:02]} 42. g6+ {[%emt 0:01:08]} Kf6 {[%emt 0:00:01]} 43. Kg4 {[%emt 0:00:02]} Ra1 {[%emt 0:00:16]} 44. Rb3 {[%emt 0:00:45]} Rg1+ {[%emt 0:00:07]} 45. Kf3 {[%emt 0:00:12]} Rf1+ {[%emt 0:02:38]} 46. Ke4 {[%emt 0:01:06]} Re1+ {[%emt 0:00:09]} 47. Kf3 {[%emt 0:01:15]} Rf1+ {[%emt 0:00:07]} 48. Kg3 {[%emt 0:00:38]} Rg1+ {[%emt 0:01:00]} 49. Kf2 {[%emt 0:00:16]} Rh1 {[%emt 0:00:19]} 50. Rb5 {[%emt 0:00:01]} Rh3 {[%emt 0:01:39]} 51. Kg2 {[%emt 0:00:12]} Rh4 {[%emt 0:03:31]} 52. Kg3 {[%emt 0:01:47]} Rh1 {[%emt 0:00:06]} 53. Ra5 {[%emt 0:00:38]} Rg1+ {[%emt 0:00:31]} 54. Kf2 {[%emt 0:00:30]} Rh1 {[%emt 0:00:16]} 55. Kg2 {[%emt 0:00:12]} Rh4 {[%emt 0:00:08]} 56. Kf3 {[%emt 0:00:44]} Rh1 {[%emt 0:00:16]} 57. Ra6+ {[%emt 0:00:30]} Kf5 {[%emt 0:00:28]} 58. Ra7 {[%emt 0:00:35]} Rh3+ {[%emt 0:02:39]} 59. Kg2 {[%emt 0:00:27]} Rxh5 {[%emt 0:00:12]} 60. Rxg7 {[%emt 0:00:03]} Kxf4 {[%emt 0:00:45]} 61. Rf7+ {[%emt 0:00:55]} Ke5 {[%emt 0:00:11]} 62. g7 {[%emt 0:00:16]} Rg5+ {[%emt 0:00:03]} 63. Kh3 {[%emt 0:00:08]} Ke6 {[%emt 0:00:05]} 64. Ra7 {[%emt 0:00:06]} Kf6 {[%emt 0:00:13]} 65. Rb7 {[%emt 0:00:03]} 1/2-1/2

[Event "Spring Tour GM Mix A 2022"]
[Site "Cattolica"]
[Date "2022.03.14"]
[Round "9.1"]
[White "Nesterov, Arseniy"]
[Black "Pfreundt, Jakob"]
[Result "1-0"]
[WhiteElo "2522"]
[BlackElo "2392"]
[Annotator "TA"]
[PlyCount "77"]
[EventDate "2022.03.10"]
[EventType "swiss"]
[EventCountry "ITA"]
[SourceTitle "playchess.com"]
[Source "ChessBase"]
[SourceQuality "1"]

{[%evp 20,77,20,35,44,18,26,22,30,38,73,75,121,72,58,43,45,45,40,44,96,98,95,74,60,61,66,75,57,63,51,49,127,128,113,115,107,110,117,57,117,120,222,170,348,348,345,339,341,339,283,304,928,921,947,944,1206,1205,29986,29987]} 1. d4 d5 2. c4 e6 3. Nc3 c5 4. cxd5 exd5 5. Nf3 Nc6 6. g3 Nf6 7. Bg2 c4 8. O-O Be7 9. b3 cxb3 10. Qxb3 O-O 11. Bg5 Na5 $1 {D34: Tarrasch Defence: 6 g3 Nf6 7 Bg2 Be7.} 12. Qb5 {Hoping for Bxf6.} Be6 13. Ne5 a6 {The position is equal.} 14. Qd3 h6 15. Bxf6 {[#]} gxf6 $146 {[#]} ({Black should play} 15... Bxf6 16. f4 Nc6) ({Predecessor:} 15... Bxf6 16. Rad1 Rc8 17. f4 Nc4 18. Qf3 Bxe5 19. dxe5 Qb6+ 20. Qf2 Qxf2+ 21. Kxf2 Nxe5 22. Nxd5 {½-½ (110) Dardha,D (2506)-Vandenbussche,T (2432) Bruges 2021}) 16. Nf3 {White is much more active. Black has bad knights. Pair of Knights!} ({White should try} 16. Ng6 $1 {[%cal Oc3d5][%mdl 512] And now Nxd5! would win.} fxg6 17. Qxg6+ Kh8 18. Qxh6+ Kg8 19. Qg6+ Kh8 20. Qh6+ Kg8 21. Qg6+ Kh8 22. Bxd5 $1 {[%mdl 512]} Bxd5 23. Qh5+ Kg8 24. Nxd5) 16... Rc8 $16 17. Nd1 {[%cal Bc3d1,Bd1e3,Be3f5][%mdl 32]} Nc4 18. Nh4 Qd7 19. Ne3 {Inhibits f5.} Rfd8 {[#]} (19... Nxe3 $14 20. fxe3 Rfe8) 20. Nef5 $1 Bf8 21. e4 Nd6 22. Nxd6 Qxd6 23. exd5 Bxd5 24. Nf5 Qc6 25. Bxd5 Rxd5 (25... Qxd5 $14 26. a4 h5) 26. Ne3 Rdd8 27. d5 Qc3 28. Qf5 Qe5 29. Qf3 (29. Qg4+ $16 Kh7 30. Qf3) 29... Rc3 (29... h5 $1 $14) 30. Rac1 Bc5 (30... Rdc8 $16 31. Qg4+ Kh7 32. Qxc8 Rxc8 33. Rxc8 Bd6) 31. Qg4+ $18 Kh7 $2 (31... Kf8 {was necessary.}) 32. Rxc3 Qxc3 33. Nf5 {[%csl Gf5][%cal Rg4g7,Be3f5,Bf5h6,Bh6f7][%mdl 32]} Bf8 {Inhibits Qg7+.} 34. Qh5 Kg8 35. Rd1 {Threatens to win with Rd4.} Qc2 $2 (35... Re8 36. Rd4 (36. Nxh6+ Bxh6 37. Qxh6 Re1+ 38. Rxe1 Qxe1+ 39. Kg2 Qe4+ 40. f3 Qxd5 $11) 36... Qe1+ 37. Kg2 Re4) 36. Rd4 Kh8 37. Kg2 Rd7 38. Nxh6 Qg6 39. Nxf7+ {Weighted Error Value: White=0.07 (flawless) /Black=0.54} 1-0